00309nam a2200085Ia 4500008004100000082001500041100003600056245011400092260001700206230320s9999||||xx |||||||||||||| ||spa|| aTMG/2019/5 aMedina Nivín, Cynthia Solange 0aLa Gestión De Talento Humano Y El Desempeño Docente En Dos Instituciones Educativas De Lima Metropolitana bPerú, 2019